Introduction to psychology (Record no. 68657)

MARC details
000 -LEADER
fixed length control field 00671nam a22002057a 4500
005 - DATE AND TIME OF LATEST TRANSACTION
control field 20230314153126.0
040 ## - CATALOGING SOURCE
Transcribing agency urs
050 ## - LIBRARY OF CONGRESS CALL NUMBER
Classification number BF 121 I58 2011
100 ## - MAIN ENTRY--PERSONAL NAME
9 (RLIN) 4191
Personal name Aguirre, Felisa U.
Relator term author
245 ## - TITLE STATEMENT
Title Introduction to psychology
Statement of responsibility, etc Felisa U. Aguirre, Maria Rosario E. Monce, Gary C. Dy
250 ## - EDITION STATEMENT
Edition statement 2011 edition
260 ## - PUBLICATION, DISTRIBUTION, ETC. (IMPRINT)
Place of publication, distribution, etc Place of publication not indicated
Name of publisher, distributor, etc Name of publisher not indicated
Date of publication, distribution, etc 2011
336 ## - CONTENT TYPE
Source rdacontent
Content type term text
Content type code txt
337 ## - MEDIA TYPE
Source rdamedia
Media type term unmediated
Media type code n
338 ## - CARRIER TYPE
Source rdacarrier
Carrier type term volume
Carrier type code nc
650 #0 - SUBJECT ADDED ENTRY--TOPICAL TERM
9 (RLIN) 3069
Topical term or geographic name as entry element Psychology
700 ## - ADDED ENTRY--PERSONAL NAME
9 (RLIN) 4192
Personal name Monce, Maria Rosario E.
Relator term author
700 ## - ADDED ENTRY--PERSONAL NAME
9 (RLIN) 4193
Personal name Dy, Gary C.
Relator term author
942 ## - ADDED ENTRY ELEMENTS (KOHA)
Source of classification or shelving scheme Library of Congress Classification
Koha item type Filipiniana
Holdings
Withdrawn status Lost status Source of classification or shelving scheme Damaged status Not for loan Home library Current library Shelving location Date acquired Total Checkouts Full call number Barcode Date last seen Price effective from Koha item type
    Library of Congress Classification     Binangonan College Library Binangonan College Library Filipiniana Section 03/14/2023   BF 121 I58 2011 URSBIN-3633 03/14/2023 03/14/2023 Filipiniana

University of Rizal System
Email us at univlibservices@urs.edu.ph

Visit our Website www.urs.edu.ph/library